| 000 | 00353nam a2200145Ia 4500 | ||
|---|---|---|---|
| 008 | 150201s2009 xx 000 0 und d | ||
| 082 |
_a615.8 _bM09H |
||
| 100 | _aHENGEVELD , ELLY | ||
| 245 | _aMAITLANDS,S PPERIPHERAL MANIPUATION | ||
| 250 | _a4TH | ||
| 260 |
_bELSEVIER _aINDIA _c2009 |
||
| 300 | _a1-636 | ||
| 650 | _aPHYSIOTHERAPY | ||
| 942 |
_2ddc _cBK |
||
| 999 |
_c1544 _d1544 |
||